| 000 | 00457nam a2200193Ia 4500 | ||
|---|---|---|---|
| 008 | 210210b2013 xxu||||| |||| 00| 0 eng d | ||
| 020 | _a9789382291183 | ||
| 041 | _aeng | ||
| 082 | _a581.192 DEYP | ||
| 100 | _aDEY (P M) | ||
| 245 | _aPlant biochemistry | ||
| 260 |
_aAmsterdam _bElseveir _c2013 |
||
| 300 | _aviii,554 | ||
| 650 | _aPlant | ||
| 650 | _abiochemistry | ||
| 690 | _aPlant Physiology | ||
| 700 | _aHARBORNE (J B) Ed | ||
| 906 | _a071589 | ||
| 999 |
_c121328 _d121328 |
||